Propiedad intelectual/
Guardado en:
| Hovedforfatter: | |
|---|---|
| Format: | Texto |
| Sprog: | Spanish |
| Udgivet: |
San Salvador:
Maya
|
| Serier: | Documentos de Trabajo / Friedrich Ebert Stiftung
|
| Fag: | |
| Tags: |
Tilføj Tag
Ingen Tags, Vær først til at tagge denne postø!
|
MARC
| LEADER | 00000 a a2200000 04500 | ||
|---|---|---|---|
| 001 | 30621 | ||
| 003 | cru CIDCACS/IIS | ||
| 005 | 20180301062533.0 | ||
| 007 | ta | ||
| 008 | 170908b2004 SV ||||| |||| 00| 0 spa d | ||
| 999 | |c 13775 |d 13775 | ||
| 020 | |a 99923-75-17-5 | ||
| 040 | |c cru CIDCACS/IIS | ||
| 090 | |a 09.05.04 M843p | ||
| 100 | 1 | |a Rodríguez Cervantes, Silvia |9 5585 | |
| 245 | |a Propiedad intelectual/ |c Silvia Rodríguez Cervantes; Red de Coordinación en Biodiversidad | ||
| 260 | |a San Salvador: |b Maya | ||
| 300 | |a páginas 31-35 | ||
| 440 | 0 | |9 2525 |a Documentos de Trabajo / Friedrich Ebert Stiftung | |
| 650 | |a TLC | ||
| 650 | |a SECTOR AGROPECUARIO | ||
| 650 | 1 | 0 | |a SEMILLAS |9 2311 |
| 650 | |a PROPIEDAD INTELECTUAL | ||
| 650 | |a DERECHO DE PATENTES | ||
| 650 | 4 | |a EMPRESAS TRANSNACIONALES |9 3363 | |
| 650 | 1 | 0 | |a SERVICIOS DE SALUD |9 408 |
| 651 | 1 | 0 | |9 5589 |a PRIVATIZACION |
| 942 | |2 ddc |c LI | ||
| 773 | 0 | |0 421 |9 1264 |a Moreno, Raúl |d San Salvador: Maya |o 18308 |t ¿ Por qué decimos no al TLC ?: |w (cru CIDCACS/IIS)30624 |z 99923-75-17-5 | |



